| 000 | 00350 a2200157 4500 | ||
|---|---|---|---|
| 001 | 63936 | ||
| 020 | _a9788572790369 (broch.) | ||
| 040 | _cAnchieta - Pituba | ||
| 100 | _aSass, Roselis von | ||
| 240 | 1 | 0 |
_aAtlântida _lpor |
| 245 | 1 | 0 | _aAtlântida |
| 300 | _a163p. | ||
| 362 | 0 | _a1997 | |
| 650 | 4 | _a.Histórias de lugares e tempos | |
| 942 | _cBK | ||
| 999 |
_c63936 _d63936 |
||